Medium Sudoku with Whammies #3 - Statistics

General Stats
  • This quiz has been taken 238 times
  • The average score is 24 of 52
Answer Stats
Answer % Correct
7
83%
9
79%
3
62%
3
61%
3
61%
3
55%
5
55%
5
55%
8
55%
1
53%
2
53%
3
53%
4
52%
5
50%
9
50%
3
49%
4
49%
8
49%
2
48%
5
48%
1
47%
1
46%
8
46%
8
46%
2
45%
6
44%
6
44%
1
43%
4
43%
6
43%
4
42%
7
42%
9
41%
2
40%
7
40%
9
40%
4
39%
6
39%
1
38%
1
38%
7
38%
7
38%
9
38%
8
37%
1
36%
7
36%
2
35%
2
35%
6
35%
9
34%
6
33%
6
32%
No matching quizzes found
Score Distribution
Percent of People with Each Score
Percentile by Number Answered
Your Score History
You have not taken this quiz